Adobe GoLive 4.0 : classroom in a book

Αποθηκεύτηκε σε:
Λεπτομέρειες βιβλιογραφικής εγγραφής
Μορφή: Βιβλίο
Γλώσσα:English
Δημοσίευση: San Jose, CA : Adobe, c1999
Θέματα:
Ετικέτες: Προσθήκη ετικέτας
Δεν υπάρχουν, Καταχωρήστε ετικέτα πρώτοι!

MARC

LEADER 00000cam a2200000 i 4500
001 1/23021
008 011105s1999 eng d
020 |a 0-201-65889-5 (disk.) 
020 |a 0-201-65890-9 
035 |l 10067586 
040 |a GR-MY-UA  |b gre  |e aacr 
041 0 |a eng 
082 0 |a 006.6869 
245 1 0 |a Adobe GoLive 4.0 :  |b classroom in a book 
260 |a San Jose, CA :   |b Adobe,   |c c1999 
300 |a vi, 318 p.  |e 1 computer laser optical disc (4 3/4 in.) 
504 |a Includes index 
630 0 0 |a Adobe GoLive. 
650 0 0 |a Desktop publishing. 
852 |a INST  |b CHIOS  |e 20011105  |h 006.6869 ADO  |p 005200016897  |q 005200016897  |t BK  |y 0 
852 |a INST  |b CHIOS  |e 20011106  |h 006.6869 ADO   |p 005200020826  |q 005200020826  |t BK  |y 0 
901 |a BIBL2-2001-3 
909 |a Χ  |b 076287 
909 |a Χ  |b 098268 
970 |a ΣΠΕΝΤΖΑ  |b ΕΛΕΝΗ  |z 2001/11/05